00454 2200193 4500001002100000005001500021035002000036245003200056100001700088250000600105856004500111260003600156082000800192084001400200600001000214990001200224990001200236990001200248INLIS00000000000179020250506091746 a0010-05250000821 aSalah Pilih /cST. Iskandar0 aST. Iskandar a1 aRuang Baca Umum No Klas 800 ( Rak 3,4,5) aJakarta :bBalai Pustaka,c2000 a813 a813 ST. s 4aFiksi a00.0118 a00.0119 a00.0120